| 000 | 00698nam a22002417a 4500 | ||
|---|---|---|---|
| 005 | 20250614101259.0 | ||
| 008 | 250611b |||||||| |||| 00| 0 eng d | ||
| 040 | _cAL | ||
| 041 | _aEnglish | ||
| 082 |
_223 _a519.5 _bGIRQ |
||
| 100 |
_aGiridhar K V _9215043 |
||
| 245 | _aQuantitative Techniques I | ||
| 250 | _a1 | ||
| 260 |
_aMangalore _bUnited Agencies _c2024 |
||
| 300 |
_a300p. _bPB _c22x13.5cm. |
||
| 365 |
_b₹250.00 _c₹ _d₹250.00 |
||
| 520 | _aRakshitha K. Faculty of St Aloysius (Deemed to be University) | ||
| 650 |
_aMathematical Statistics _9214374 |
||
| 650 |
_aI SEM B COM _9214375 |
||
| 700 |
_aKrishna M m _9215039 |
||
| 700 |
_aRakshitha K _9215040 |
||
| 942 |
_2ddc _cDB |
||
| 999 |
_c234415 _d234415 |
||